| 000 | 00474nam a2200193Ia 4500 | ||
|---|---|---|---|
| 008 | 210210b2008 xxu||||| |||| 00| 0 eng d | ||
| 020 | _a9780001064836 | ||
| 041 | _aeng | ||
| 082 | _a428.02 DALS | ||
| 100 | _aDALLAS (Don) | ||
| 245 | _aSpeaking english effectively | ||
| 260 |
_aHyderabad _bOrient Longman Private Limited _c2008 |
||
| 300 | _a30 | ||
| 650 | _aSpeaking | ||
| 650 | _aenglish | ||
| 650 | _aeffectively | ||
| 690 | _aEnglish Usage | ||
| 906 | _a062471 | ||
| 999 |
_c117583 _d117583 |
||